[Event "Pavlodar Open 2018"]
[Site "Pavlodar"]
[Date "2018.11.29"]
[Round "8"]
[White "Zubarev, Alexander"]
[Black "Khanin, Semen"]
[Result "0-1"]
[WhiteElo "2484"]
[BlackElo "2510"]
[Annotator "TA"]
[PlyCount "116"]
[EventDate "2018.11.23"]
[EventType "swiss"]
[EventCountry "KAZ"]
[SourceTitle "playchess.com"]
[Source "ChessBase"]
[SourceQuality "1"]

{[%evp 26,116,0,0,0,0,0,0,0,0,17,8,20,27,25,17,33,15,41,9,11,0,8,0,0,0,0,-16,0,-25,33,41,39,49,50,18,18,18,18,25,22,22,22,22,22,18,18,18,18,0,0,0,0,0,6,6,6,6,9,0,0,0,0,0,0,-64,-68,-123,-59,-158,-158,-154,-146,-204,-154,-229,-225,-231,-230,-210,0,-222,-188,-595,-552,-727,-703,-1811,-1739,-1692,-1530,-5726,-4368]} 1. Nf3 d5 2. g3 Bg4 3. Bg2 c6 4. O-O Nd7 5. d4 Ngf6 6. Nbd2 e6 7. Re1 Be7 8. e4 dxe4 9. Nxe4 O-O 10. c3 h6 {D02: 1 d4 d5 2 Nf3 sidelines, including 2...Nf6 3 g3 and 2...Nf6 3 Bf4} (10... Bh5 11. Qb3 Nxe4 12. Rxe4 Qb6 13. Nd2 Bg6 14. Re1 a5 15. Nc4 Qa6 16. a4 Bd3 17. Ne3 Nf6 18. Rd1 Rab8 19. c4 Bg6 20. Bd2 Rfd8 21. Be1 Bh5 22. Rd3 Bg6 23. Rdd1 Bh5 24. Rd3 {½-½ (24) Pantsulaia,L (2607)-Tomashevsky,E (2716) Doha 2016}) 11. Qb3 Nxe4 12. Rxe4 Bf5 13. Re1 Qb6 14. Bf4 {[#] LiveBook: 5 Games} Rfd8 $146 ({Predecessor:} 14... g5 15. Bc1 Qxb3 16. axb3 Kg7 17. Nd2 Nb6 18. b4 a6 19. Nb3 {½-½ (74) Azaladze,S (2468)-Parligras,M (2586) Al Ain 2015}) 15. Nd2 {[%cal Bf3d2,Bd2c4,Bc4e5][%mdl 32]} g5 16. Be3 Nf6 17. Nc4 Qc7 18. Rad1 Nd5 19. Bc1 a5 20. a4 Rab8 21. Ne5 Bf6 22. Qc4 (22. h4 $5) 22... Bg7 23. Rd2 Rbc8 24. Rde2 c5 25. dxc5 Qxc5 26. Qb3 Qc7 27. Bf3 {[#]} Nb4 $1 {[%mdl 512]} 28. cxb4 $14 Bxe5 $1 29. bxa5 ({Don't play} 29. Rxe5 Rd3 $15) 29... Bf6 30. Be3 Qxa5 31. Bb6 Rd3 32. Qxd3 $1 ({Of course not} 32. Bxa5 Rxb3 33. Bh5 Rc5 $17) 32... Qxe1+ $1 33. Rxe1 Bxd3 34. a5 Ba6 $1 35. b4 Rc3 36. Kg2 Rb3 37. Rd1 Rxb4 38. Rd7 Bb5 39. Rxb7 {And now Bc5 would win.} g4 40. Rb8+ Kg7 $132 {[%mdl 2048] Black is not keeping still} 41. Bb7 {aiming for a6.} Rb1 42. h3 {Strongly threatening a6.} Bf1+ 43. Kh2 $1 {a6 is the strong threat.} Be5 $1 {[%cal Re5b8]} 44. Rc8 gxh3 45. Rd8 (45. Be4 $11 Ra1 46. Rc5) 45... h5 $1 $15 46. Be4 (46. f4 $15) 46... Ra1 (46... Rb4 $17 47. Bd3 Bg2) 47. Bd4 {[#]} (47. f4 $1 $15 Bc3 48. Rc8 Ra2+ 49. Kg1 Bxa5 50. Bxa5 Rxa5 51. Kxf1) 47... Bxd4 $1 $17 48. Rxd4 Rxa5 {[%mdl 4096] Endgame KRB-KRB} 49. Rd2 (49. Rd1 $17 Bb5 50. Kxh3) 49... Ra1 50. Bf3 (50. f4 $17) 50... Kg6 $19 51. Rc2 Bd3 52. Rd2 Bf1 53. Rc2 $1 f5 54. Rd2 $2 (54. Rc6 {is more resistant.}) 54... e5 {[%cal Be6e5,Be5e4][%mdl 32] Black is clearly winning.} 55. Bc6 e4 56. Rd6+ Kg7 {( -> ...Bg2)} 57. g4 hxg4 58. Bd7 Ra2 {Accuracy: White = 35%, Black = 65%.} 0-1

[Event "Pavlodar Open 2018"]
[Site "Pavlodar"]
[Date "2018.11.30"]
[Round "9"]
[White "Vorobiov, Evgeny E."]
[Black "Gabrielian, Artur"]
[Result "1-0"]
[WhiteElo "2557"]
[BlackElo "2499"]
[Annotator "TA"]
[PlyCount "61"]
[EventDate "2018.11.23"]
[EventType "swiss"]
[EventCountry "KAZ"]
[SourceTitle "playchess.com"]
[Source "ChessBase"]
[SourceQuality "1"]

{[%evp 25,61,46,53,57,55,53,60,45,42,40,37,37,89,90,102,35,58,41,77,84,77,88,177,157,146,141,242,242,241,234,234,237,710,710,739,739,668,674]} 1. Nf3 c5 2. c4 Nc6 3. Nc3 e5 4. g3 g6 5. Bg2 Bg7 6. O-O Nge7 7. a3 O-O 8. Rb1 a5 9. Ne1 d6 10. Nc2 Be6 11. Ne3 {A37: Symmetrical English vs ...g6: 4 Bg2 Bg7 5 Nf3} f5 12. d3 Rb8 13. Ned5 Qd7 {LiveBook: 3 Games} 14. Bg5 Kh8 {[#]} 15. Qa4 $146 {aiming for Nxe7.} ({Predecessor:} 15. Bxe7 Nxe7 16. b4 axb4 17. axb4 Bxd5 18. Bxd5 e4 {1-0 (58) Novikov,S (2568)-Pogonina,N (2472) Moscow 2011}) 15... Ng8 16. Bd2 f4 17. b4 axb4 18. axb4 cxb4 ({Black should try} 18... b5 $14 19. cxb5 Nd4) 19. Nxb4 $16 Nge7 20. Nxc6 (20. Nbd5 $16) 20... bxc6 $14 21. Ne4 fxg3 22. hxg3 Ra8 23. Qb4 Ra2 {[#]} (23... Nf5 $16 {was worth a try.}) 24. Ra1 $1 $18 {[%cal Ra1a2]} Rxa1 25. Rxa1 d5 (25... Nf5 $16 {might work better.}) 26. Nc5 Qd6 27. Nxe6 Qxe6 28. Ra7 Ng8 $2 (28... Re8 29. cxd5 cxd5) 29. Qb7 {[%csl Ga7][%cal Rb7g7] White is clearly winning.} Qf6 {[#]} 30. Bg5 $1 {[%mdl 512]} Qxf2+ (30... Qxg5 31. Qxg7#) 31. Kh2 {Accuracy: White = 69%, Black = 42%.} 1-0

[Event "Pavlodar Open 2018"]
[Site "Pavlodar"]
[Date "2018.11.30"]
[Round "9"]
[White "Khanin, Semen"]
[Black "Suleymenov, Alisher"]
[Result "0-1"]
[WhiteElo "2510"]
[BlackElo "2326"]
[Annotator "TA"]
[PlyCount "70"]
[EventDate "2018.11.23"]
[EventType "swiss"]
[EventCountry "KAZ"]
[SourceTitle "playchess.com"]
[Source "ChessBase"]
[SourceQuality "1"]

{[%evp 25,70,22,33,0,0,0,0,0,0,0,0,0,7,-29,-37,-117,-114,-131,-125,-113,-88,-29,-46,-50,0,0,0,0,-33,-460,-240,-222,-235,-1090,-986,-904,-864,-846,-864,-844,-844,-841,-839,-816,-804,-1043,-946]} 1. e4 c5 2. Nf3 d6 3. d4 cxd4 4. Nxd4 Nf6 5. Nc3 a6 6. f3 e5 7. Nb3 Be6 8. Be3 Nbd7 9. g4 {[%cal Bg2g4,Bg4g5][%mdl 32]} Nb6 10. g5 Nh5 11. Qd2 {B90: Sicilian Najdorf: Unusual White 6th moves, 6 Be3 Ng4 and 6 Be3 e5} Be7 12. O-O-O Rc8 (12... O-O 13. Kb1 Rc8 14. Rg1 g6 15. Qf2 Nc4 16. Bxc4 Rxc4 17. Nd5 Bxd5 18. Rxd5 b5 {1-0 (42) Ding,L (2783)-Ponomariov,R (2712) Khanty-Mansiysk 2017}) 13. Rg1 O-O {LiveBook: 127 Games} 14. f4 Nxf4 15. Bxf4 exf4 16. Qxf4 Re8 $146 ({Predecessor:} 16... g6 17. h4 Rxc3 18. bxc3 {0-1 (33) Rensch,D (2382)-Yap,N (2298) Philadelphia 2007}) 17. h4 Bf8 18. h5 g6 19. hxg6 hxg6 20. e5 {[#]} ({Better is} 20. Rd3 $15) 20... Bg7 $1 $17 21. Ne4 Nd5 22. Qh4 {Nf6+ is the strong threat.} Ne3 ({Don't play} 22... dxe5 23. Rh1 $11) 23. Nf6+ Bxf6 24. exf6 Rxc2+ $40 {[%mdl 128] Black attacks.} 25. Kb1 {[#] White threatens Rh1 and mate.} Rxb2+ $1 {[%mdl 512]} 26. Kxb2 {Intending Rh1! and mate.} Nxd1+ 27. Kc1 $2 {[%mdl 8192]} (27. Kb1 $1 $15 Qc8 28. Bd3 Nc3+ 29. Kb2 Bxb3 30. Qh6 Na4+ 31. Kb1 Bxa2+ 32. Kxa2 Re2+ {[%mdl 64] Decoy} 33. Bxe2 Qc2+ 34. Ka3 Qc3+ 35. Kxa4 Qd4+ 36. Kb3 Qe3+ 37. Kc2 Qxe2+ 38. Kc1 (38. Kb1 Qd3+ 39. Kc1 Qc3+ 40. Kd1 Qd3+ 41. Ke1 Qe3+ {[%mdl 64] Double Attack} 42. Kf1 Qf3+ 43. Ke1 Qe3+ {[%mdl 64] Double Attack} 44. Kf1 Qf3+ 45. Ke1 Qe3+ $11 {[%mdl 64] Double Attack}) 38... Qe3+ {[%mdl 64] Double Attack} 39. Kc2 Qf2+ 40. Kd1 (40. Kd3 Qf3+ 41. Kd4 Qf2+ 42. Kd3 Qf3+ 43. Kd4 Qf4+ 44. Kd5 Qe5+ 45. Kc4 Qe4+ 46. Kc3 Qf3+ 47. Kd4 $11) 40... Qxg1+ 41. Kc2 Qf2+ 42. Kd1 Qf1+ 43. Kc2 Qe2+ 44. Kc3 Qe3+ 45. Kb2 Qe2+ 46. Kc3 Qe3+ 47. Kc2 Qf2+ 48. Kd3 Qf5+ 49. Ke2 Qb5+ 50. Kf3 Qf5+ 51. Ke3 Qe6+ 52. Kf4 Qe5+ 53. Kf3 Qc3+ 54. Kg2 Qc6+ 55. Kh2 Qc2+ 56. Kg3 Qd3+ 57. Kg2 Qe4+ 58. Kg3 Qe1+ 59. Kg2 Qe2+ 60. Kg1 Qg4+ 61. Kf2 Qf5+ 62. Kg3 Qe5+ 63. Kf2 Qf4+ 64. Ke2 Qe4+ 65. Kd1 Qd3+ 66. Ke1 Qe4+ 67. Kf2 Qf5+ 68. Ke3 Qe6+ 69. Kd4 Qe5+ 70. Kd3 Qf5+ 71. Kd2 Qf4+ 72. Ke2 Qe4+ 73. Kf2 Qc2+ 74. Kg3 Qd3+ 75. Kh2 Qe2+ 76. Kg3 Qd3+) 27... Qc7+ (27... Bxb3 $2 28. axb3 Qa5 29. Rh1 $19) (27... Qb6 $142 28. Qd4 Rc8+ 29. Kd2 Qc6) 28. Kxd1 $19 {[#] Threatening mate with Qh6.} Qc3 $1 29. Nc1 $2 (29. Rg2) 29... Bf5 {[%csl Gc3][%cal Rf5c2] Black is clearly winning.} 30. Rg2 Re4 31. Qxe4 Bxe4 32. Rd2 Qf3+ {[%mdl 64] Double Attack} 33. Ke1 Qg3+ {[%mdl 64] Double Attack} 34. Kd1 Qxg5 35. Rxd6 {[#]} Bc2+ $1 {[%mdl 512] Accuracy: White = 32%, Black = 78%.} 0-1

[Event "Pavlodar Open 2018"]
[Site "Pavlodar"]
[Date "2018.11.30"]
[Round "9"]
[White "Mirzoev, Azer"]
[Black "Zubarev, Alexander"]
[Result "1/2-1/2"]
[WhiteElo "2489"]
[BlackElo "2484"]
[Annotator "RC"]
[PlyCount "93"]
[EventDate "2018.11.23"]
[EventType "swiss"]
[EventCountry "KAZ"]
[SourceTitle "playchess.com"]
[Source "ChessBase"]
[SourceQuality "1"]
[TimeControl "5400+30"]

1. d4 {[%emt 0:06:13]} d6 {[%emt 0:00:52]} 2. Nf3 {[%emt 0:00:12]} g6 {[%emt 0:00:11]} 3. e4 {[%emt 0:00:11]} Nf6 {[%emt 0:00:32]} 4. Bd3 {[%emt 0:00:43]} Bg7 {[%emt 0:00:17]} 5. O-O {[%emt 0:00:07]} O-O {[%emt 0:00:13]} 6. c3 {[%emt 0:00:08]} c5 {[%emt 0:02:29]} 7. h3 {[%emt 0:06:14]} Nfd7 {[%emt 0:01:15]} 8. Re1 {[%emt 0:01:15]} Na6 {[%emt 0:00:35]} 9. Bg5 {[%emt 0:03:09]} Nc7 {[%emt 0:04:29]} 10. Nbd2 {[%emt 0:02:49]} b5 {[%emt 0:02:52]} 11. Qe2 {[%emt 0:04:35]} Ne6 {[%emt 0:14:17]} 12. Be3 {[%emt 0:01:11]} b4 {[%emt 0:00:22]} 13. d5 {[%emt 0:08:21]} bxc3 {[%emt 0:01:44]} 14. dxe6 {[%emt 0:00:49]} cxd2 {[%emt 0:00:07]} 15. exf7+ {[%emt 0:00:33]} Rxf7 {[%emt 0:00:14]} 16. Bxd2 {[%emt 0:01:55]} Ne5 {[%emt 0:03:07]} 17. Nxe5 {[%emt 0:04:17]} Bxe5 {[%emt 0:00:06]} 18. Bc4 {[%emt 0:00:08]} e6 {[%emt 0:00:18]} 19. Bc3 {[%emt 0:00:05]} Bxc3 {[%emt 0:04:37]} 20. bxc3 {[%emt 0:00:04]} Rb8 {[%emt 0:02:39]} 21. a4 {[%emt 0:07:38]} Qd7 {[%emt 0:32:01]} 22. a5 {[%emt 0:04:42]} Bb7 {[%emt 0:01:44]} 23. Rab1 {[%emt 0:08:50]} d5 {[%emt 0:03:02]} 24. a6 {[%emt 0:15:35]} dxc4 {[%emt 0:00:11]} 25. Qxc4 {[%emt 0:00:26]} Qd6 {[%emt 0:02:22]} 26. axb7 {[%emt 0:03:30]} Rbxb7 {[%emt 0:00:26]} 27. Rbd1 {[%emt 0:01:31]} Qe5 {[%emt 0:01:46]} 28. Re2 {[%emt 0:00:13]} Rfd7 {[%emt 0:02:19]} 29. Rf1 {[%emt 0:02:41]} Kg7 {[%emt 0:02:27]} 30. g3 {[%emt 0:00:36]} g5 {[%emt 0:01:22]} 31. Kg2 {[%emt 0:01:34]} Rf7 {[%emt 0:01:36]} 32. Ra1 {[%emt 0:01:51]} h5 {[%emt 0:07:31]} 33. Qd3 {[%emt 0:06:51]} Rbd7 {[%emt 0:00:57]} 34. Qe3 {[%emt 0:02:56]} c4 {[%emt 0:00:15]} 35. Rd2 {[%emt 0:02:59]} Rxd2 {[%emt 0:00:16]} 36. Qxd2 {[%emt 0:00:01]} Qxe4+ {[%emt 0:00:10]} 37. Kg1 {[%emt 0:00:01]} Qd5 {[%emt 0:02:34]} 38. Qe2 {[%emt 0:00:15]} h4 {[%emt 0:02:29]} 39. g4 {[%emt 0:01:15]} Rf3 {[%emt 0:01:08]} 40. Rxa7+ {[%emt 0:01:02]} Kg6 {[%emt 0:02:26]} 41. Rd7 {[%emt 0:01:42]} Qxd7 {[%emt 0:00:33]} 42. Qxf3 {[%emt 0:00:06]} Qb5 {[%emt 0:01:22]} 43. Qe4+ {[%emt 0:00:10]} Kf6 {[%emt 0:00:16]} 44. Qd4+ {[%emt 0:00:05]} Kg6 {[%emt 0:00:41]} 45. Qe4+ {[%emt 0:01:17]} Kf6 {[%emt 0:00:03]} 46. Qf3+ {[%emt 0:00:43]} Kg6 {[%emt 0:00:17]} 47. Qe4+ {[%emt 0:00:04]} 1/2-1/2

[Event "Pavlodar Open 2018"]
[Site "Pavlodar"]
[Date "2018.11.30"]
[Round "9"]
[White "Makhnev, Denis"]
[Black "Stupak, Kirill"]
[Result "1-0"]
[WhiteElo "2458"]
[BlackElo "2580"]
[Annotator "TA"]
[PlyCount "53"]
[EventDate "2018.11.23"]
[EventType "swiss"]
[EventCountry "KAZ"]
[SourceTitle "playchess.com"]
[Source "ChessBase"]
[SourceQuality "1"]

{[%evp 25,53,-10,-29,-75,6,-90,-56,-70,2,1,9,12,40,57,22,63,67,85,306,190,297,241,228,222,352,345,737,747,845,787]} 1. d4 Nf6 2. c4 e6 3. g3 c5 4. d5 exd5 5. cxd5 d6 6. Nc3 g6 7. Bg2 Bg7 8. Nf3 O-O 9. O-O Re8 10. Bf4 Bf5 {A62: Modern Benoni: Fianchetto Variation without early ...Nbd7} 11. Nd2 (11. Bg5 h6 12. Bxf6 Bxf6 13. Nd2 Bc8 14. Nc4 Bxc3 15. bxc3 b5 16. Nd2 Nd7 17. Re1 a5 18. Qc2 {½-½ (29) Tomashevsky,E (2702)-Svidler,P (2763) Palma de Mallorca 2017}) 11... Nh5 12. e4 Nxf4 13. gxf4 Bd7 {[#] LiveBook: 9 Games} 14. Re1 $146 {[#]} ({Predecessor:} 14. a4 Na6 15. Nc4 Qf6 16. Qf3 Nb4 17. Qg3 Nc2 18. Rad1 {½-½ (49) Kozul,Z (2591)-Zhigalko,S (2647) Gjakova 2016}) 14... Qh4 (14... b5 $1 $17 15. e5 dxe5) 15. e5 (15. Qf3 $11) 15... Qxf4 ({Of course not} 15... dxe5 $6 16. fxe5 Rxe5 17. Rxe5 $11) 16. Re4 Qh6 (16... Qg5 $1 $15 17. f4 Qd8) 17. e6 $1 $11 fxe6 {...Bxc3 is the strong threat.} 18. Nc4 e5 19. Nxd6 {[%mdl 64] Hoping for Qb3. Double Attack} Rf8 20. Nxb7 Bf5 21. Nxc5 Rc8 $2 (21... Nd7 $16 22. Ne6 Rf7) 22. d6 Nd7 (22... Rxc5 $142 23. Qb3+ Kh8) 23. Nxd7 Bxd7 {[#]} 24. Rxe5 $1 {[%mdl 512]} Rab8 (24... Bxe5 $142 25. Qd5+ {[%mdl 64] Double Attack} Kh8 26. Qxe5+ Qg7 27. Qxg7+ Kxg7) 25. Re7 $18 {[%cal Be5e7,Be7d7,Bd7c7][%mdl 32]} Rxb2 $2 (25... Bf5 26. d7 Rf8 27. Qd5+ Kh8) 26. Rxd7 Bxc3 27. Rc7 {Accuracy: White = 68%, Black =  5%.} 1-0

[Event "Pavlodar Open 2018"]
[Site "Pavlodar"]
[Date "2018.11.30"]
[Round "9"]
[White "Khusenkhojaev, Muhammad"]
[Black "Korneev, Oleg"]
[Result "0-1"]
[WhiteElo "2455"]
[BlackElo "2551"]
[Annotator "TA"]
[PlyCount "84"]
[EventDate "2018.11.23"]
[EventType "swiss"]
[EventCountry "KAZ"]
[SourceTitle "playchess.com"]
[Source "ChessBase"]
[SourceQuality "1"]

{[%evp 29,84,19,28,0,0,0,13,0,0,0,0,0,16,-25,10,10,10,10,8,2,8,8,10,5,5,8,13,8,20,17,21,0,0,-4,0,0,0,-26,-24,-38,-35,-22,-23,-141,-145,-208,-221,-215,-163,-155,-163,-2361,-2191,-29970,-29968,-6179,-6179]} 1. Nf3 d5 2. d4 Nf6 3. c4 c6 4. e3 e6 5. Nc3 Nbd7 6. Qc2 Bd6 7. Bd3 O-O 8. O-O dxc4 9. Bxc4 b5 10. Be2 Bb7 11. Rd1 Qc7 12. e4 e5 {D46: Semi-Slav: 5 e3 Nbd7 6 Bd3, Black avoids the Meran} 13. Bg5 exd4 14. Rxd4 Ne5 15. Bxf6 gxf6 {[#] LiveBook: 16 Games} 16. Nh4 $146 ({Predecessor:} 16. g3 Nxf3+ 17. Bxf3 Be5 18. Rd2 Rad8 19. Rad1 Bc8 20. Ne2 {½-½ (34) Onischuk,A (2669)-Jakovenko,D (2716) Poikovsky 2011}) 16... Ng6 17. Nf3 b4 18. Rad1 Rad8 19. Na4 c5 20. R4d2 $1 Be7 21. Nd4 Qf4 22. Nf5 Bxe4 23. Nxe7+ Nxe7 24. Qc1 $1 Rxd2 25. Qxd2 Qxd2 26. Rxd2 Bd5 $132 {[%mdl 2048] Black is fighting back} 27. Nxc5 Rc8 28. Nd3 a5 29. b3 Be6 30. h4 Nd5 31. Bf3 Nc3 32. Nf4 Bf5 33. Nd5 Kf8 {And now ...Rd8 would win.} 34. Nxf6 Bb1 35. Nd7+ Kg7 36. Ne5 (36. Nb6 $11 Rc5 37. Rb2) 36... Bxa2 $17 37. Nc6 {[#]} (37. Bd1 $17 {was necessary.}) 37... Rxc6 $1 $19 {[%mdl 512]} 38. Bxc6 {aiming for Ba4.} Bxb3 39. Kf1 a4 {[%cal Ba5a4,Ba4a3,Ba3a2][%mdl 1056] Black has strong compensation.} 40. Rd8 $2 (40. Bxa4 Bxa4 41. Rd4) 40... a3 41. Ke1 a2 42. Ra8 {[#]} Ba4 $1 {[%mdl 512] Accuracy: White = 39%, Black = 77%.} 0-1

[Event "Pavlodar Open 2018"]
[Site "Pavlodar"]
[Date "2018.11.30"]
[Round "9"]
[White "Kostenko, Petr"]
[Black "Burmakin, Vladimir"]
[Result "1/2-1/2"]
[WhiteElo "2449"]
[BlackElo "2531"]
[Annotator "TA"]
[PlyCount "58"]
[EventDate "2018.11.23"]
[EventType "swiss"]
[EventCountry "KAZ"]
[SourceTitle "playchess.com"]
[Source "ChessBase"]
[SourceQuality "1"]

{[%evp 25,26,30,33]} 1. e4 c6 2. d4 d5 3. Nd2 dxe4 4. Nxe4 Bf5 5. Ng3 Bg6 6. h4 h6 7. Nf3 Nd7 8. h5 Bh7 9. Bd3 Bxd3 10. Qxd3 e6 11. Bf4 Qa5+ 12. Bd2 Qc7 13. O-O-O O-O-O {[#] LiveBook: 347 Games} {Predecessor:} 14. Ne4 $146 Ngf6 15. g3 Nc5 16. Nxc5 Bxc5 17. Kb1 Qe7 18. c4 Bb6 19. Bc3 Rhe8 20. Qe2 Qf8 21. a3 Nd7 22. Rhe1 Bc7 23. Ne5 Nxe5 24. dxe5 Rxd1+ 25. Rxd1 Rd8 26. Rxd8+ Qxd8 27. Qf3 Ba5 28. Bxa5 Qxa5 29. Qxf7 Qxe5 {½-½ (28) Santos Latasa,J (2574)-Burmakin,V (2504) Trieste 2018} 1/2-1/2

[Event "Pavlodar Open 2018"]
[Site "Pavlodar"]
[Date "2018.11.30"]
[Round "9"]
[White "Kargin, Arseny"]
[Black "Utegaliyev, Azamat"]
[Result "0-1"]
[WhiteElo "2411"]
[BlackElo "2518"]
[Annotator "TA"]
[PlyCount "46"]
[EventDate "2018.11.23"]
[EventType "swiss"]
[EventCountry "KAZ"]
[SourceTitle "playchess.com"]
[Source "ChessBase"]
[SourceQuality "1"]

{[%evp 15,46,25,51,18,28,7,27,31,36,25,21,28,19,12,31,15,37,-14,-20,-18,-14,-45,-45,-26,-47,-70,-89,-110,17,-158,-20,-162,-175]} 1. e4 e5 2. Nf3 Nc6 3. Bb5 Nf6 4. O-O d6 5. Re1 Be7 6. c3 O-O 7. d4 exd4 8. cxd4 Bg4 {[%cal Bc8g4,Bg4h5,Bh5g6,Bg6f7][%mdl 32]} 9. Bxc6 {C66: Ruy Lopez: Steinitz Defence} bxc6 10. Nc3 Nd7 11. h3 {White has an edge.} Bh5 12. g4 $146 ({Predecessor:} 12. Be3 Bf6 13. Rc1 Re8 14. Kh2 Nf8 15. Qa4 Qd7 16. Nd2 Rad8 {1-0 (32) Kumaran,B (2303)-Rohit,K (1790) Chennai 2017}) 12... Bg6 13. Nh2 Qb8 14. f4 f6 $1 15. Nf3 Bf7 16. Kh1 (16. e5 $14 dxe5 17. dxe5) 16... Qb7 $11 17. b3 c5 18. d5 c6 19. dxc6 Qxc6 20. Qd2 Nb6 21. Rd1 f5 (21... Rad8 $17 {White must now prevent ...d5.} 22. Nd5 Nxd5 23. exd5 Qb5) 22. Nd5 $2 {[#]} (22. gxf5 $11 Bh5 23. Rf1) 22... Rfe8 (22... Nxd5 $17 23. exd5 Qd7) 23. gxf5 (23. Bb2 $1 $11 Nxd5 24. exd5) 23... Nxd5 {Accuracy: White = 27%, Black = 53%.} 0-1

[Event "Pavlodar Open 2018"]
[Site "Pavlodar"]
[Date "2018.12.01"]
[Round "10"]
[White "Vorobiov, Evgeny E."]
[Black "Kostenko, Petr"]
[Result "1/2-1/2"]
[WhiteElo "2557"]
[BlackElo "2449"]
[Annotator "TA"]
[PlyCount "21"]
[EventDate "2018.11.23"]
[EventType "swiss"]
[EventCountry "KAZ"]
[SourceTitle "playchess.com"]
[Source "ChessBase"]
[SourceQuality "1"]

{[%evp 19,21,12,21,-14]} 1. Nf3 Nf6 2. c4 e6 3. g3 d5 4. Bg2 dxc4 5. Qa4+ c6 6. Qxc4 b5 7. Qc2 Bb7 8. O-O Nbd7 $146 {A13: English Opening: 1...e6} (8... Be7 9. d3 O-O 10. a4 a6 11. Nc3 Nbd7 12. Rd1 Rc8 13. h3 Qb6 14. e4 c5 15. Be3 Rfd8 16. Rac1 h6 17. axb5 axb5 {1-0 (73) Duda,J (2737)-Karjakin,S (2773) chess.com INT 2018}) 9. a4 a6 10. d3 Be7 {LiveBook: 13 Games} 11. Bg5 1/2-1/2

[Event "Pavlodar Open 2018"]
[Site "Pavlodar"]
[Date "2018.12.01"]
[Round "10"]
[White "Korneev, Oleg"]
[Black "Khanin, Semen"]
[Result "1/2-1/2"]
[WhiteElo "2551"]
[BlackElo "2510"]
[Annotator "TA"]
[PlyCount "30"]
[EventDate "2018.11.23"]
[EventType "swiss"]
[EventCountry "KAZ"]
[SourceTitle "playchess.com"]
[Source "ChessBase"]
[SourceQuality "1"]

{[%evp 24,29,31,20,38,35,26,28]} 1. e4 e5 2. Bc4 Nf6 3. d3 Nc6 4. Nf3 Bc5 5. O-O d6 6. c3 a6 7. a4 Ba7 8. Nbd2 O-O 9. h3 Ne7 10. Re1 Ng6 {C54: Giuoco Piano: 4 c3 Nf6, main lines with 5 d4 and 5 d3} 11. d4 h6 12. Bb3 Re8 13. Bc2 {LiveBook: 17 Games} Nh7 14. Nf1 Ng5 15. Nxg5 {[#]} {Predecessor:} hxg5 $146 1/2-1/2

[Event "Pavlodar Open 2018"]
[Site "Pavlodar"]
[Date "2018.12.01"]
[Round "10"]
[White "Malakhatko, Vadim"]
[Black "Saiyn, Zhanat"]
[Result "1-0"]
[WhiteElo "2545"]
[BlackElo "2378"]
[Annotator "TA"]
[PlyCount "134"]
[EventDate "2018.11.23"]
[EventType "swiss"]
[EventCountry "KAZ"]
[SourceTitle "playchess.com"]
[Source "ChessBase"]
[SourceQuality "1"]

{[%evp 9,134,23,12,17,25,0,8,0,6,12,20,-1,0,0,0,0,12,-19,-19,-19,-18,-18,-21,-22,-23,-16,-22,-34,-40,-56,-17,-44,-17,-291,-27,-26,-40,-19,-3,-50,-14,-15,-15,-9,-12,-17,-12,-14,-14,-10,-8,-13,0,0,15,0,0,0,0,0,0,0,0,0,0,0,6,0,0,-8,78,78,79,79,79,80,82,82,75,81,87,87,79,79,87,64,176,176,270,262,244,179,829,841,819,803,741,740,608,510,510,492,1339,824,5900,5716,5700,5587,29952,12043,12603,12726,12820,8438,8316,8316,6095,5708,5081,5197,29964,1716,29965,29965,29984,29985,29985]} 1. c4 e5 2. e3 Nf6 3. a3 c6 (3... g6 4. b4 d5 5. cxd5 Nxd5 6. Bb2 Bg7 7. Nf3 Qe7 8. Be2 O-O 9. O-O a5 10. Nc3 Nb6 11. Na4 {½-½ (29) Markowski,T (2551)-Navara,D (2740) Czech Republic 2018}) 4. Nf3 Bd6 5. d4 $146 ({Predecessor:} 5. d3 O-O 6. Qc2 Bc7 7. Nbd2 d5 8. b4 Re8 9. Bb2 a5 10. Rb1 axb4 11. axb4 {1-0 (43) Voigt,R (2381)-Roeschlau,B (2295) Hoeckendorf 2004}) 5... exd4 6. Qxd4 {A20: English Opening: 1...e5} Bc7 7. Nc3 O-O 8. Be2 {The position is equal.} d5 9. cxd5 cxd5 10. Nb5 Bb6 11. Qd3 Ne4 12. O-O Bf5 13. Nbd4 Bg6 $36 {[%mdl 2048] Black is more active.} 14. Qd1 Nc6 15. Bd2 Qf6 {[%cal Rc6d4]} 16. Bc3 Nxc3 17. bxc3 Na5 18. Qa4 Rac8 19. Rac1 Rc7 20. Rfd1 Rfc8 21. Nb5 $2 {[%mdl 8192] [#]} (21. Nd2 $11 {and White is okay.}) 21... Rc5 $2 (21... Rc4 $1 $19 {[%cal Rc4a4][%mdl 512]} 22. Bxc4 Rxc4 {[%mdl 64] Trapped Piece}) 22. Qb4 $11 h6 23. Nd2 Bf5 24. Qf4 Bd7 {Threatens to win with ...Qxf4.} (24... R5c6 $5 {[%cal Ra7a6]}) 25. Qxf6 gxf6 26. Rb1 $1 Bxb5 27. Bxb5 Rxc3 28. a4 R8c5 29. g3 Ra3 30. Rb4 Bc7 31. Nf3 Be5 32. Rg4+ Kf8 33. Rh4 Kg7 34. Rg4+ Kf8 35. Rh4 Kg7 36. Nd4 Bxd4 37. Rdxd4 f5 38. Rh5 a6 39. Bd7 Nc6 (39... Nb3 $11 {keeps the balance.} 40. Rb4 Rc4) 40. Bxc6 $1 $16 bxc6 41. Rxf5 Rc4 42. Rxc4 $1 dxc4 {[%mdl 4096] Endgame [#] KR-KR} 43. a5 $1 c3 44. Rc5 c2 45. Rxc2 Rxa5 46. Rxc6 Ra1+ 47. Kg2 a5 ({Black should play} 47... h5 $1 $14) 48. g4 $18 a4 (48... Ra4 {was necessary.}) 49. Ra6 a3 50. h4 {[%cal Bh2h4,Bh4h5][%mdl 32]} a2 $2 {[#]} (50... Kh7 51. Kg3 Ra2) 51. h5 $1 Kg8 52. Kf3 Kg7 53. Kf4 Kg8 54. Kf5 Kg7 55. Ra7 Kg8 (55... Rb1 $142) 56. Kf6 Rg1 57. Ra8+ Kh7 58. Rxa2 Rxg4 59. Kxf7 Rg5 60. Kf6 Rxh5 61. Ra7+ Kg8 62. Kg6 {[%cal Ra7a8]} Rg5+ 63. Kxh6 Rg2 64. f4 Kf8 65. Kh5 ({Weaker is} 65. e4 Rg4 $16) (65. f5 $142 Rg3 66. e4 Re3 67. Kg6 Rxe4 68. Ra8+ Ke7 69. f6+ Kd6 70. f7) 65... Rg3 66. e4 Rg7 67. Rxg7 Kxg7 {Accuracy: White = 70%, Black = 31%.} 1-0